01010nam a2200229 a 4500001001000000003000500010005001700015008004100032010001100073011001100084040000900095082001500104245021100119260013300330300001800463650004600481650003400527650003200561650003800593700003200631710011700663000110026CHAP20220329144115.0140623s2012 mx a |r| |||1|||spa|d a106488 a107460 cCHAP04a338.1bT2600aTejiendo redes para la innovación del campo mexicano :bel Sistema Nacional de Investigaciones y Transferencia Tecnológica para el Desarrollo Rural Sustentable (SNITT) /cpor Jaime antonio Paz Arrezola.3 aMéxico. D.F. :bSistema Nacional de Investigaciones y Transferencia Tecnológica para el Desarrollo Rural Sustentable,c2012. a288 p. :bil.14aAgriculturaxInnovaciones tecnológicas.14aAgriculturaxInvestigación.14aDesarrollo ruralzMéxico.14aDesarrollo sustentablexMéxico.1 aPaz Arrezola, Jaime Antonio1 aSistema Nacional de Investigación y Transferencia Tecnológica para el Desarrollo Rural Sustentable. México